Factores de diferenciación e instancias integradoras en la experiencia del mundo iberoamericano (Registro nro. 21416)

Detalles MARC
000 -CABECERA
Longitud fija campo de control 00751nam a22001935b 4500
001 - NÚMERO DE CONTROL
Número de control bimo0000437046
003 - IDENTIFICADOR DELl NÚMERO DE CONTROL
Identificador del número de control OSt
005 - FECHA Y HORA DE LA ÚLTIMA TRANSACCIÓN
Fecha y hora de la última transacción 20150624144212.0
008 - CÓDIGOS DE INFORMACIÓN DE LONGITUD FIJA
Códigos de información de longitud fija 950330s1994 slv spa
020 ## - NÚMERO INTERNACIONAL NORMALIZADO PARA LIBROS
Número Internacional Normalizado para Libros (ISBN) 84-606-1875-7
040 ## - FUENTE DE LA CATALOGACIÓN
Centro catalogador de origen SpMaBN
Lengua de catalogación spa
Centro transcriptor BMC
Normas de descripción rdc
082 ## - NÚMERO DE LA CLASIFICACIÓN DECIMAL DEWEY
Númeroo de clasificación 980.0102
111 2# - PUNTO DE ACCESO PRINCIPAL-NOMBRE DE CONGRESO
Nombre de congreso o jurisdicción como elemento de entrada Congreso de Academias Iberoamericanas de la Historia
Número del congreso o número de parte o sección de la obra
Fecha del congreso 1992
Sede del congreso Madrid
9 (RLIN) 34992
245 10 - MENCIÓN DE TÍTULO
Título Factores de diferenciación e instancias integradoras en la experiencia del mundo iberoamericano
Resto del título : Actas, Madrid, 8 al 14 de noviembre de 1992
Mención de responsabilidad, etc. II Congreso de Academias Iberoamericanas de la Historia
260 ## - PUBLICACIÓN, DISTRIBUCIÓN, ETC. (PIE DE IMPRENTA)
Lugar de publicación, distribución, etc. Madrid
Nombre del editor, distribuidor, etc. Real Academia de la Historia
Fecha de publicación, distribución, etc. 1994
300 ## - DESCRIPCIÓN FÍSICA
Extensión 569 p.
Dimensiones 24 cm
651 24 - PUNTO DE ACCESO ADICIONAL DE MATERIA - NOMBRE GEOGRÁFICO
Nombre geográfico América española
Subdivisión de materia general Historia
9 (RLIN) 1308
942 ## - ENTRADA DE ELEMENTOS AGREGADOS (KOHA)
Fuente de clasificaión o esquema Dewey Decimal Classification
Koha [por defecto] tipo de item 1- Monografias
Existencias
Suprimido Perdido Fuente de clasificación o esquema Estropeado Restricciones de uso No para préstamo Código de colección Localización permanente Localización actual Localización en estanter&íacute;as Fecha adquisición Fuente de adquisición Número de inventario Préstamos totales Signatura completa Código de barras Fecha última consulta Coste, precio reemplazado Fecha del precio de reemplazo Tipo de item de Koha
NULL NULL Dewey Decimal Classification NULL Prestable NULL NULL Biblioteca Miguel de Cervantes - UNICAES Biblioteca Miguel de Cervantes - UNICAES Sala Principal 12/06/2015 Donación - Romeo Tovar Astorga 029932   980.0102 CON fac 1031841 12/06/2015 30.00 12/06/2015 1- Monografias